Beautiful Mistake / (Record no. 5390)

MARC details
000 -LEADER
fixed length control field 00551nam a22001937a 4500
003 - CONTROL NUMBER IDENTIFIER
control field OSt
005 - DATE AND TIME OF LATEST TRANSACTION
control field 20251103030914.0
008 - FIXED-LENGTH DATA ELEMENTS--GENERAL INFORMATION
fixed length control field 251103b |||||||| |||| 00| 0 eng d
020 ## - INTERNATIONAL STANDARD BOOK NUMBER
International Standard Book Number 978-971-27-3625-4
040 ## - CATALOGING SOURCE
Original cataloging agency DWCL - Main Lib
Transcribing agency OC
082 ## - DEWEY DECIMAL CLASSIFICATION NUMBER
Classification number F G184b 2020
100 ## - MAIN ENTRY--PERSONAL NAME
Personal name Warranj
245 ## - TITLE STATEMENT
Title Beautiful Mistake /
Statement of responsibility, etc. Warranj
260 ## - PUBLICATION, DISTRIBUTION, ETC.
Place of publication, distribution, etc. Mandaluyong City, Philippines :
Name of publisher, distributor, etc. Anvil Publishing, Inc.,
Date of publication, distribution, etc. c2020.
300 ## - PHYSICAL DESCRIPTION
Extent 237 pages ;
Dimensions 18 cm
650 ## - SUBJECT ADDED ENTRY--TOPICAL TERM
Topical term or geographic name entry element 1. Filipino Fiction
650 ## - SUBJECT ADDED ENTRY--TOPICAL TERM
Topical term or geographic name entry element 2. Romance Fiction, Filipino
942 ## - ADDED ENTRY ELEMENTS (KOHA)
Source of classification or shelving scheme Dewey Decimal Classification
Koha item type Fiction
Call number suffix F
Suppress in OPAC No
952 ## - LOCATION AND ITEM INFORMATION (KOHA)
--
Holdings
Withdrawn status Lost status Source of classification or shelving scheme Damaged status Not for loan Home library Current library Shelving location Date acquired Source of acquisition Total Checkouts Full call number Barcode Date last seen Copy number Price effective from Koha item type Uniform Resource Identifier
    Dewey Decimal Classification     Junior High School Library Junior High School Library Fiction 08/20/2024 School Fund   F G184b 2020 JHS - 21305 11/03/2025 c1 11/03/2025 FIC.